A casa "in" comun dos refugiados ambientais à luz da "Laudato si" (Record no. 861799)

000 -CABECERA
Campo de control de longitud fija 00665nab a2200181 4500
003 - IDENTIFICADOR DEL NÚMERO DE CONTROL
Campo de control ES-SlBCS
005 - FECHA Y HORA DE LA ÚLTIMA TRANSACCIÓN
Campo de control 20211219162932.0
008 - CÓDIGOS DE INFORMACIÓN DE LONGITUD FIJA
Campo de control de longitud fija 170420s2016 sp ||||| |||| 00| 0 por d
040 ## - FUENTE DE LA CATALOGACIÓN
Centro catalogador del origen ES-SlBCS
Lengua de catalogación spa
100 1# - PUNTO DE ACCESO PRINCIPAL-NOMBRE DE PERSONA
Nombre de persona Araújo, Joana
9 (RLIN) 66516
245 12 - MENCIÓN DE TÍTULO
Título A casa "in" comun dos refugiados ambientais à luz da "Laudato si"
Mención de responsabilidad, etc. Joana Araújo ; Carlos Costa Gomes ; António Jácomo
610 20 - PUNTO DE ACCESO ADICIONAL DE MATERIA-NOMBRE DE ENTIDAD CORPORATIVA
Nombre de entidad corporativa o nombre de jurisdicción como elemento inicial Iglesia Católica
Unidad subordinada Papa (2013-: Francisco)
Título de la obra Laudato si'
9 (RLIN) 408858
650 00 - PUNTO DE ACCESO ADICIONAL DE MATERIA-TÉRMINO DE MATERIA
Término de materia o nombre geográfico como elemento inicial Ecología
9 (RLIN) 15891
700 1# - PUNTO DE ACCESO ADICIONAL-NOMBRE DE PERSONA
Nombre de persona Costa Gomes, Carlos
9 (RLIN) 115949
700 1# - PUNTO DE ACCESO ADICIONAL-NOMBRE DE PERSONA
Nombre de persona Jácomo, António
9 (RLIN) 66562
773 0# - ENLACE AL DOCUMENTO FUENTE
Parte(s) relacionada(s) Nº 11, 2016, págs. 407-426
Título Cauriensia
Número de control del registro relacionado Rev110
Número Internacional Normalizado para Publicaciones Seriadas (ISSN) 1886-4945
942 ## - ENTRADA DE ELEMENTOS AGREGADOS (KOHA)
Fuente de clasificaión o esquema
Koha [por defecto] tipo de item Artículos de revista
Holdings
Suprimido Perdido Fuente de clasificación o esquema Estropeado No para préstamo Localización permanente Localización actual Localización en estantería Fecha adquisición Préstamos totales Fecha última consulta Fecha del precio de reemplazo Tipo de item de Koha
          San Esteban San Esteban Depósito de revistas 20/04/2017   20/04/2017 20/04/2017 Artículos de revista

Bibliotecas Dominicos Provincia Hispania, 2016

Con tecnología Koha